Pubblicità (Record no. 91848)
[ view plain ]
| 000 -LEADER | |
|---|---|
| fixed length control field | 01580nam a2200289Ia 4500 |
| 001 - CONTROL NUMBER | |
| control field | H1657 |
| 003 - CONTROL NUMBER IDENTIFIER | |
| control field | IT-RoPAU |
| 008 - FIXED-LENGTH DATA ELEMENTS--GENERAL INFORMATION | |
| fixed length control field | 130308s9999 xx 000 0 und d |
| 040 ## - CATALOGING SOURCE | |
| Original cataloging agency | IT-RoPAU |
| 040 ## - CATALOGING SOURCE | |
| Transcribing agency | IT-RoPAU |
| 041 ## - LANGUAGE CODE | |
| Language code of text/sound track or separate title | ITALIANO |
| 100 ## - MAIN ENTRY--PERSONAL NAME | |
| Personal name | Codeluppi Vanni |
| 100 ## - MAIN ENTRY--PERSONAL NAME | |
| Miscellaneous information | Codice Aut. SPICS: 20816 |
| 245 ## - TITLE STATEMENT | |
| Title | Pubblicità |
| 245 ## - TITLE STATEMENT | |
| Remainder of title | Pubblicita' |
| 250 ## - EDITION STATEMENT | |
| Edition statement | 1a ed. |
| 260 ## - PUBLICATION, DISTRIBUTION, ETC. (IMPRINT) | |
| Place of publication, distribution, etc. | BOLOGNA |
| 260 ## - PUBLICATION, DISTRIBUTION, ETC. (IMPRINT) | |
| Name of publisher, distributor, etc. | Zanichelli |
| 260 ## - PUBLICATION, DISTRIBUTION, ETC. (IMPRINT) | |
| Date of publication, distribution, etc. | 2000 [1° Ed.:2000 - Ed.Ling.Originale:2000] |
| 300 ## - PHYSICAL DESCRIPTION | |
| Extent | "120 p. (prefazione: 6; testo: 114 [pagine: 0-0])" |
| 500 ## - GENERAL NOTE | |
| General note | "Il Volume intende Guidare Il Lettore Alla Comprensione di Uno dei principali Fenomeni della Società Contemporanea: la Pubblicità. La Prima parte E'Dedicata Alla Storia della Pubblicita': Origini, Pubblicità moderna, dal dopoguerra a Oggi, Pubblicità del Futuro; Dalle prime Elementari forme Basate su Annunci dei Giornali Alla Pubblicità su Internet. La seconda Parte,Intitolata ""Teoria, Tecniche, Strumenti"", Analizza Il Modo in Cui Nasce una campagna Pubblicitaria, Espone le teorie dei Piu' importanti Pubblicitarie presenta Il Codice di Autoregolamentazione che le Agenzie si Sono Date: Mestiere del pubblicitario ; I Grandi Pubblicitari; Pubblicità nella Societa'; Guida Alla Lettura della Pubblicità. La Terza parte presenta una Seriedi ""Letture"" di Alcune delle Piu' importanti campagne Prodotte nel Corso della Storia della Pubblicità. Glossario." |
| 650 ## - SUBJECT ADDED ENTRY--TOPICAL TERM | |
| Topical term or geographic name as entry element | ENCICLOPEDIE DI PUBBLICITA' |
| 650 ## - SUBJECT ADDED ENTRY--TOPICAL TERM | |
| Relator term | Codice materia Spics: 6201 |
| 942 ## - ADDED ENTRY ELEMENTS (KOHA) | |
| Koha item type | LIBRO |
| 957 ## - | |
| -- | 1 |
| 999 ## - SYSTEM CONTROL NUMBERS (KOHA) | |
| -- | 1 |
| Withdrawn status | Lost status | Damaged status | Not for loan | Home library | Current library | Date acquired | Total Checkouts | Full call number | Date last seen | Price effective from | Koha item type | Public note |
|---|---|---|---|---|---|---|---|---|---|---|---|---|
| Buone Condizioni | Not For Loan | SPICS-MEDIATECA | SPICS-MEDIATECA | 08/03/2013 | H1657 | 08/03/2013 | 08/03/2013 | LIBRO | Progressivo inserimento: 26268 / N. Volumi: 1 Copie: 1 / data import: 1 marzo 2013 - By Epidotti, Trombetti, Vaglietti. |